Gaming Quiz

Random Gaming or Pokémon Quiz

Pokémon Evolutions 2 Quiz Stats

Quiz not verified by Sporcle

Also try: Pikachu Moves
Challenge
Share
Tweet
Embed
Score 0/25 Timer 03:00
0 Plays Today
Evolution Chain How you get the Evolutions % Correct
Murkrow to HonchkrowDusk stone
69.2%
Nidorino to NidokingMoon stone
46.2%
Dusclops to DusknoirTrade holding reaper cloth
38.5%
Snorunt to FroslassDawn stone
38.5%
Aron to LaironLevel 32
30.8%
Pupitar to TyranitarLevel 55
30.8%
Luxio to LuxrayLevel 30
30.8%
Minccino to CinccinoShiny Sone
30.8%
Snubbull to GranbullLevel 23
30.8%
Slowpoke to SlowkingTrade holding kings rock
30.8%
Cottonee to WhimiscottSun Stone
30.8%
Zweilous to HydreigonLevel 64
23.1%
Snorunt to GlailieLevel 42
23.1%
Evolution Chain How you get the Evolutions % Correct
Ferroseed to FerrothornLevel 40
23.1%
Fraxure to HaxorusLevel 48
23.1%
Seadra to KingdraTrade holding dragon scale
23.1%
Vullaby to MandibuzzLevel 54
23.1%
Remoraid to OctilleryLevel 25
23.1%
Nosepass to ProbopassLevel up in Chargestone Cave
15.4%
Lickitung to LickylickyLevel up knowing rollout
15.4%
Aipom to AmbipomLevel knowing double hit
15.4%
Piloswine to MamoswineLevel up knowing ancientpower
15.4%
Munchlax to SnorlaxLevel up with high friendship
7.7%
Happiny to ChanseyLevel up during the day holding the oval stone
7.7%
Mantyke to MantineLevel up with a remoraid in the party
7.7%

You're not logged in!

Compare scores with friends on all Sporcle quizzes.
Join for Free
OR
Log In

You Might Also Like...

Show Comments

Extras

Created Oct 8, 2012ReportNominate
Tags:Pokémon Quiz, evolution, evolve

Top Quizzes Today


Score Distribution

Your Account Isn't Verified!

In order to create a playlist on Sporcle, you need to verify the email address you used during registration. Go to your Sporcle Settings to finish the process.

Report this User

Report this user for behavior that violates our Community Guidelines.

Details: